| 000 | 00888 a2200289 4500 | ||
|---|---|---|---|
| 999 |
_c10540 _d10540 |
||
| 020 | _a9780748675500 | ||
| 020 | _a0748675507 | ||
| 020 | _a9780748675517 | ||
| 020 | _a0748675515 | ||
| 020 | _a9780748675517 | ||
| 020 | _a9780748675517 | ||
| 050 | 0 | 0 | _aKZ 1255 |
| 100 | 1 |
_aCarty, Anthony, _eauthor. |
|
| 245 | 1 | 0 |
_aPhilosophy of international law / _cAnthony Carty. |
| 250 | _aSecond edition. | ||
| 264 | 1 |
_aEdinburgh : _bEdinburgh University Press, _c[2017] |
|
| 264 | 4 | _c♭2017 | |
| 300 | _a300 pages ; | ||
| 500 | _aPrevious edition published in 2007. | ||
| 504 | _aIncludes bibliographical references and index. | ||
| 650 | 0 |
_aInternational law _xPhilosophy. |
|
| 650 | 0 | _aSociological jurisprudence. | |
| 650 | 7 |
_aInternational law _xPhilosophy. |
|
| 650 | 7 | _aSociological jurisprudence. | |
| 942 |
_2lcc _cBK _h1255 _iCAR _kKZ |
||